000
00213nam a22000857a 4500
008
170111b xxu||||| |||| 00| 0 eng d
100
_9
2339
_a
Datta.S.
245
_a
Social Life of Animals
260
_a
New Delhi
_b
NBT
_c
2006
999
_c
5276
_d
5276